000 00305nam a22001337a 4500
008 181101b xxu||||| |||| 00| 0 eng d
020 _a039913298/8
041 _aeng
080 _a030
100 _a24
101 _aENC
245 _aThe Colombia Encyclopedia Of Nutrtion
_cMyr.W
942 _2udc
_cBK
999 _c51404
_d51404